Three-Letter Acronyms #2 - Statistics

General Stats
  • This quiz has been taken 46,476 times
    33,482 since last reset
  • The average score is 13 of 24
Answer Stats
Hint Answer % Correct
Cash machine ATM
97%
Company president CEO
94%
Dynamite alternative TNT
80%
LBJ's predecessor JFK
77%
Person captured by the enemy POW
72%
Network on which Doctor Who airs BBC
70%
I will return shortly BRB
70%
Tape format that conquered Betamax VHS
61%
Band with Axl Rose and Slash GNR
57%
Place between the Koreas DMZ
53%
Hoppy type of beer IPA
51%
Magic Johnson's affliction HIV
50%
Promissary note IOU
50%
Businessperson's degree (U.S.) MBA
47%
U.S. agency exposed by Snowden NSA
46%
E.T.'s ship? UFO
44%
Chip that is the "brain" of a computer CPU
42%
Bested the Luftwaffe in the Battle of Britain RAF
42%
Currency code for the UK GBP
40%
Bounty, Beagle, or Pinafore, e.g. HMS
39%
Effective insecticide DDT
36%
Angel dust PCP
32%
Software for draftsmen CAD
26%
Letters at the end of a logical proof QED
20%
No matching quizzes found
Score Distribution
Percent of People with Each Score
Percentile by Number Answered
Your Score History
You have not taken this quiz since the last reset